Nag Hammadi codices III, 2 and IV, 2 : The gospel of the Egyptians (the Holy book of the great invisible spirit) /

محفوظ في:

مؤلفون آخرون: Böhlig, Alexander., Wisse, Frederik., Labib, Pahor.

التنسيق: كتاب

اللغة: English
Coptic

منشور في: Leiden : Brill, 1975.

سلاسل: Coptic gnostic library.
Nag Hammadi studies ; 4

الموضوعات:

الوسوم: إضافة وسم

لا توجد وسوم, كن أول من يضع وسما على هذه التسجيلة!

رقم الطلب: BT1390 .G6713 1975b

LEADER 01285nam a2200361 i 4500
001 3832
003 OSt
005 20251021084002.0
008 130303s1975 ne b 001 0 eng d
010 |a 75327395 
015 |a Ne75-18 
020 |a 9004042261 
020 |a 9789004042261 
035 |a ocm11915342 
040 |c ARCE Library 
041 0 |a eng  |a cop 
050 4 |a BT1390 .G6713 1975b  
130 0 |a Gospel of the Egyptians.  |l English & Coptic 
245 1 0 |a Nag Hammadi codices III, 2 and IV, 2 :  |b The gospel of the Egyptians (the Holy book of the great invisible spirit) /  |c edited with translation and commentary by Alexander Böhlig, Frederik Wisse, in cooperation with Pahor Labib. 
264 1 |a Leiden :  |b Brill,  |c 1975. 
300 |a xii, 236 pages ;  |c 25 cm. 
490 0 |a Coptic gnostic library. 
490 0 |a Nag Hammadi studies ;  |v 4 
500 |a Published under the auspices of the German Archaeological Institute. 
504 |a Includes bibliographical references (pages [208]-210) and index. 
546 |a Text in Coptic and English; commentary in English. 
650 0 |a Gnosticism. 
700 1 |a Böhlig, Alexander.  |9 26970 
700 1 |a Wisse, Frederik.  |9 42317 
700 1 |a Labib, Pahor. 
901 |a reviewed 
942 |c BK  |2 lcc 
999 |c 3090  |d 3090